20 Flags in 5 minutes - Statistics

General Stats
  • This quiz has been taken 412 times
  • The average score is 16 of 20
Answer Stats
Picture Answer % Correct
United States
100%
India
97%
United Kingdom
97%
Ireland
94%
Denmark
87%
Lebanon
87%
New Zealand
85%
Albania
84%
Nepal
84%
Ivory Coast
77%
Afghanistan
76%
United Arab Emirates
76%
Uganda
75%
Fiji
74%
Latvia
72%
Niger
70%
Oman
67%
Liberia
65%
Samoa
58%
Togo
58%
No matching quizzes found
Score Distribution
Percent of People with Each Score
Percentile by Number Answered
Your Score History
You have not taken this quiz